| 000 | 00600cam a2200193ua 4500 | ||
|---|---|---|---|
| 001 | 1949 | ||
| 008 | 110811n ii |||gr||||Z||||||eng | ||
| 020 | _a81-7041-555-4 | ||
| 040 | _cMAIN | ||
| 082 | _a379.54 | ||
| 100 |
_aSharma, S. R., _d1991, _q(Sita Ram Sharma). |
||
| 245 | 1 |
_aNational policy on education towards an enlightened and human society vol-1 _cby S. R. Sharma |
|
| 250 | _a1st. | ||
| 260 |
_aNew Delhi: _bAnmol publication,991. |
||
| 300 |
_axxii; 298p: _c23cm. |
||
| 653 | _aEducation | ||
| 653 | _aNational policy on education towards an enlightened and human society | ||
| 942 | _cBK | ||
| 999 |
_c1824 _d1824 |
||